Disaster Movie Slideshow Quiz Stats

 Plays Quiz Updated Aug 8, 2015

Challenge
Share
Tweet
Score 0/20 Timer 07:00
4 Plays Today
% Correct
Titanic
96%
Independence Day
88%
Twister
83.3%
World War Z
81%
War of the Worlds
80%
I Am Legend
76.2%
Zombieland
75.1%
The Day After Tomorrow
72.8%
Armageddon
72.2%
Shaun of the Dead
68.7%
% Correct
The Perfect Storm
65.5%
2012
61.9%
28 Days Later
55.9%
This is the End
52.7%
Mars Attacks!
52.5%
Pompeii
50.9%
Outbreak
50.6%
Volcano
48.5%
Dante's Peak
45%
Contagion
32.1%

You're not logged in!

Compare scores with friends on all Sporcle quizzes.
OR
Log In

You Might Also Like...

Show Comments

Extras

Top Quizzes Today


Score Distribution

Your Account Isn't Verified!

In order to create a playlist on Sporcle, you need to verify the email address you used during registration. Go to your Sporcle Settings to finish the process.

Report this User

Report this user for behavior that violates our Community Guidelines.

Details: